=LDR 00000nam 2200000 4500 =001 INLIS000000000038874 =005 20130612144531 =008 ***********************************ind** =035 ##$$0010-061300000038874 =041 ##$$a ind =082 ##$$a 813 =090 ##$$a 813, Por p.1 =100 ##$$a PORTER, Eleanor =245 ##$$a Pollyanna grows up/Eleanor h. porter;Penyunting, Azzura Dayana, Dee =260 ##$$a 2010 $b Jakarta =300 ##$$a 361 Hlm, Ilus, 20 Cm =650 ##$$a FIKSI =700 ##$$a DAYANA, AZZURA =850 ##$$a NBPNMAT =990 ##$$a 0001/BPAP-NTB/20142014